书目信息 |
| 题名: |
粮道
|
|
| 作者: | 任林举 著 | |
| 分册: | ||
| 出版信息: | 长春 时代文艺出版社 2017 |
|
| 页数: | 281页 | |
| 开本: | 24cm | |
| 丛书名: | ||
| 单 册: | ||
| 中图分类: | I253.3 , F326.11 | |
| 科图分类: | ||
| 主题词: | 纪实文学--ji shi wen xue--中国--当代 , 粮食问题--liang shi wen ti--研究--中国 | |
| 电子资源: | ||
| ISBN: | 978-7-5387-5285-4 | |
| 000 | 00970nam0 22002651 450 | |
| 001 | 0102164902 | |
| 005 | 20170502164902.0 | |
| 010 | @a978-7-5387-5285-4@dCNY40.00 | |
| 100 | @a20170227d2017 em y0chiy50 ea | |
| 101 | 0 | @achi |
| 102 | @aCN@b220000 | |
| 105 | @aa z 000zy | |
| 106 | @ar | |
| 200 | 1 | @a粮道@9liang dao@f任林举著 |
| 210 | @a长春@c时代文艺出版社@d2017 | |
| 215 | @a281页@c彩照@d24cm | |
| 314 | @a任林举,男,中国作家协会会员,中国电力作家协会副主席,中国报告文学学会理事。 | |
| 330 | @a本书通过对粮食生产及流通分配、人类生存、社会发展、经济、文化、哲学等多角度、多维度的展现和阐释,向读者表明粮有粮“道”,并揭示出它与人道、世道以及天道之间相互依存,互为表里,呼应互动的关系。 | |
| 606 | 0 | @a纪实文学@9ji shi wen xue@y中国@z当代 |
| 606 | 0 | @a粮食问题@9liang shi wen ti@x研究@y中国 |
| 690 | @aI253.3@v5 | |
| 690 | @aF326.11@v5 | |
| 701 | 0 | @a任林举@9ren lin ju@4著 |
| 801 | 0 | @aCN@b百万庄@c20170308 |
| 905 | @b1002340-5@dI253.3@e975@f6 | |
| 粮道/任林举著.-长春:时代文艺出版社,2017 |
| 281页:彩照;24cm |
| ISBN 978-7-5387-5285-4:CNY40.00 |
| 本书通过对粮食生产及流通分配、人类生存、社会发展、经济、文化、哲学等多角度、多维度的展现和阐释,向读者表明粮有粮“道”,并揭示出它与人道、世道以及天道之间相互依存,互为表里,呼应互动的关系。 |
| ● |
| 相关链接 |
|
|
|
|
正题名:粮道
索取号:I253.3/975
 
预约/预借
| 序号 | 登录号 | 条形码 | 馆藏地/架位号 | 状态 | 备注 |
| 1 | 1002340 | 210023400 | 第一样本阅览室/ [索取号:I253.3/975] | 在馆 | |
| 2 | 1002341 | 210023419 | 教育系资料室/ [索取号:I253.3/975] | 在馆 | |
| 3 | 1002342 | 210023428 | 教育系资料室/ [索取号:I253.3/975] | 在馆 | |
| 4 | 1002343 | 210023437 | 教育系资料室/ [索取号:I253.3/975] | 在馆 | |
| 5 | 1002344 | 210023446 | 第二借阅区/ [索取号:I253.3/975] | 在馆 | |
| 6 | 1002345 | 210023455 | 第二借阅区/ [索取号:I253.3/975] | 在馆 |